000 00664cam a22001815a 4500
001 L155834
008 120418s1828 xxk f 000 0 eng d
035 _a(Sirsi) u155834
041 0 _aeng
100 1 _aHopkins, Thomas
_dd. 1864
245 0 0 _aOn rent of land, and its influence on subsistence and population
_bwith observations on the operating causes of the condition of the labouring classes in various countries
260 _aLondon
_bHunt and Clarke
_c1828
300 _a1 p. l., [v]-vii p., 1 l., 140 p.
_c20 cm.
583 _aCondition reviewed
_c20120620
_lcondition level 1
651 4 _aGreat Britain
_y1707-
690 _aLand use
_96251
942 _n0
999 _c113863
_d113863